BLT's 31 Years References on Code of Criminal Procedure, 1898 / (Record no. 7327)
[ view plain ]
| 000 -LEADER | |
|---|---|
| fixed length control field | 00749nam a22001937a 4500 |
| 003 - CONTROL NUMBER IDENTIFIER | |
| control field | BUBTL |
| 008 - FIXED-LENGTH DATA ELEMENTS--GENERAL INFORMATION | |
| fixed length control field | 240526b ||||| |||| 00| 0 eng d |
| 082 ## - DEWEY DECIMAL CLASSIFICATION NUMBER | |
| Classification number | 348.055492/ G6998b/ 2024 |
| 245 ## - TITLE STATEMENT | |
| Title | BLT's 31 Years References on Code of Criminal Procedure, 1898 / |
| Statement of responsibility, etc. | Samarendra Nath Goswami |
| 250 ## - EDITION STATEMENT | |
| Edition statement | 1st ed. |
| 260 ## - PUBLICATION, DISTRIBUTION, ETC. (IMPRINT) | |
| Place of publication, distribution, etc. | Dhaka: |
| Name of publisher, distributor, etc. | The Bangladesh Law Times, |
| Date of publication, distribution, etc. | c2024 |
| 300 ## - PHYSICAL DESCRIPTION | |
| Extent | xvii, 652 p.: |
| Other physical details | 25 cm. |
| 505 ## - FORMATTED CONTENTS NOTE | |
| Formatted contents note | BLT's 31 Years References on Code of Criminal Procedure, 1898, Short title Commencement, Trail of offences under Penal Code, Court of Sessions, Executive Magistrates |
| 650 #0 - SUBJECT ADDED ENTRY--TOPICAL TERM | |
| 9 (RLIN) | 26 |
| Topical term or geographic name as entry element | Law |
| 700 ## - ADDED ENTRY--PERSONAL NAME | |
| 9 (RLIN) | 5836 |
| Personal name | Goswami, Samarendra Nath |
| 856 ## - ELECTRONIC LOCATION AND ACCESS | |
| Password | 0 |
| Logon | 0 |
| Link text | Download |
| 942 ## - ADDED ENTRY ELEMENTS (KOHA) | |
| Source of classification or shelving scheme | |
| Koha item type | Books |
| Withdrawn status | Lost status | Source of classification or shelving scheme | Damaged status | Not for loan | Collection code | Permanent location | Current location | Shelving location | Date acquired | Source of acquisition | Inventory number | Total Checkouts | Full call number | Barcode | Date last seen | Copy number | Price effective from | Koha item type |
|---|---|---|---|---|---|---|---|---|---|---|---|---|---|---|---|---|---|---|
| Not For Loan | Non-fiction | Bangladesh University of Business and Technology Library | Bangladesh University of Business and Technology Library | Law Stacks | 04/27/2024 | Purchase | 30060 | 348.055492/ G6998b/ 2024 | BUBTL-200330060 | 05/26/2024 | C-1 | 05/26/2024 | Books | |||||
| Non-fiction | Bangladesh University of Business and Technology Library | Bangladesh University of Business and Technology Library | Law Stacks | 04/27/2024 | Purchase | 30061 | 348.055492/ G6998b/ 2024 | BUBTL-200330061 | 05/26/2024 | C-2 | 05/26/2024 | Books | ||||||
| Non-fiction | Bangladesh University of Business and Technology Library | Bangladesh University of Business and Technology Library | Law Stacks | 04/27/2024 | Purchase | 30062 | 348.055492/ G6998b/ 2024 | BUBTL-200330062 | 05/26/2024 | C-3 | 05/26/2024 | Books | ||||||
| Non-fiction | Bangladesh University of Business and Technology Library | Bangladesh University of Business and Technology Library | Law Stacks | 04/27/2024 | Purchase | 30063 | 348.055492/ G6998b/ 2024 | BUBTL-200330063 | 05/26/2024 | C-4 | 05/26/2024 | Books | ||||||
| Non-fiction | Bangladesh University of Business and Technology Library | Bangladesh University of Business and Technology Library | Law Stacks | 04/27/2024 | Purchase | 30064 | 348.055492/ G6998b/ 2024 | BUBTL-200330064 | 05/26/2024 | C-5 | 05/26/2024 | Books | ||||||
| Non-fiction | Bangladesh University of Business and Technology Library | Bangladesh University of Business and Technology Library | Law Stacks | 04/27/2024 | Purchase | 30065 | 348.055492/ G6998b/ 2024 | BUBTL-200330065 | 05/26/2024 | C-6 | 05/26/2024 | Books | ||||||
| Non-fiction | Bangladesh University of Business and Technology Library | Bangladesh University of Business and Technology Library | Law Stacks | 04/27/2024 | Purchase | 30066 | 348.055492/ G6998b/ 2024 | BUBTL-200330066 | 05/26/2024 | C-7 | 05/26/2024 | Books | ||||||
| Non-fiction | Bangladesh University of Business and Technology Library | Bangladesh University of Business and Technology Library | Law Stacks | 04/27/2024 | Purchase | 30067 | 348.055492/ G6998b/ 2024 | BUBTL-200330067 | 05/26/2024 | C-8 | 05/26/2024 | Books | ||||||
| Non-fiction | Bangladesh University of Business and Technology Library | Bangladesh University of Business and Technology Library | Law Stacks | 04/27/2024 | Purchase | 30068 | 348.055492/ G6998b/ 2024 | BUBTL-200330068 | 05/26/2024 | C-9 | 05/26/2024 | Books | ||||||
| Non-fiction | Bangladesh University of Business and Technology Library | Bangladesh University of Business and Technology Library | Law Stacks | 04/27/2024 | Purchase | 30069 | 348.055492/ G6998b/ 2024 | BUBTL-200330069 | 05/26/2024 | C-10 | 05/26/2024 | Books |
